000 00797nam a2200253Ia 4500
003 OSt
005 20220926012310.0
006 a|||||r|||| 00| 0
007 ta
008 220923b |||||||| |||| 00| 0 eng d
020 _a9780521604703
_c1858.5
037 _b5528, 17/07/2015, RAJKIRAN BOOK AGENCY
_cGeneral Book
040 _aRTL
_cRTL
_beng
041 _2eng
_aeng
082 _aY11:7:7, Q3
100 _aOSWELL David
_9309317
245 0 _aAgency of children
_b From family to global human rights.
260 _aNew York
_bCambridge University Press
_c2013
300 _aviii,305p.
_ccm.
500 _aNote: With CD
650 _aSociology
942 _hY11:7:7, Q3
_cGB
_2CC
999 _c622430
_d622430